000 00619nam a2200193Ia 4500
001 15929
003 GE_BSU
008 181216s||||||||xx |||||||||||||| ||und||
040 _cGE_BSU
080 _a792(=353.1) + 821.353.1-94
245 _aთქვენ მომაგონდით...
245 _cრედ. ი.ზაალიშვილი.მხ.ლ.ღვინჯილია
260 _aთბილისი
260 _bსაქართველო
260 _c1990
300 _a133 გვ. : ილ. ; 21 სმ
653 _aთქვენ მომაგონდით...
942 _cBK
999 _c49024
_d49024